00359nam a2200133Ia 4500008004100000020001500041041000800056082001800064100001900082245005100101260005400152300000800206365001100214140306s9999 xx 000 0 und d a8173911797 aeng a305.4bMOL/WO aMolley, Joseph aWomen participation and development strategies aNew DelhibKanishka Publishers Distributorsc1997 a183 bRs.300